Former Names of Telugu Cities - Statistics

General Stats
  • This quiz has been taken 31 times
  • The average score is 6 of 10
Answer Stats
Hint Answer % Correct
Bezawada Vijayawada
96%
Masulipatnam Machilipatnam
85%
Vangolu Ongole
85%
Bhagyanagar Hyderabad
77%
Waltair Visakhapatnam
77%
Rajahmundry Rajamahendravaram
58%
Kandanolu Kurnool
54%
Comment Khammam
50%
Garthapuri Gunturu
35%
Simhapuri Nellore
31%
No matching quizzes found
Score Distribution
Percent of People with Each Score
Percentile by Number Answered
Your Score History
You have not taken this quiz